<?xml version="1.0" encoding="UTF-8"?><?xml-stylesheet type="text/xsl" href="static/style.xsl"?><OAI-PMH xmlns="http://www.openarchives.org/OAI/2.0/" xmlns:xsi="http://www.w3.org/2001/XMLSchema-instance" xsi:schemaLocation="http://www.openarchives.org/OAI/2.0/ http://www.openarchives.org/OAI/2.0/OAI-PMH.xsd"><responseDate>2026-04-29T04:08:33Z</responseDate><request verb="GetRecord" identifier="oai:repisalud.isciii.es:20.500.12105/10247" metadataPrefix="marc">https://repisalud.isciii.es/rest/oai/request</request><GetRecord><record><header><identifier>oai:repisalud.isciii.es:20.500.12105/10247</identifier><datestamp>2024-10-24T12:57:24Z</datestamp><setSpec>com_20.500.12105_2052</setSpec><setSpec>com_20.500.12105_2051</setSpec><setSpec>col_20.500.12105_19609</setSpec></header><metadata><record xmlns="http://www.loc.gov/MARC21/slim" xmlns:dcterms="http://purl.org/dc/terms/" xmlns:doc="http://www.lyncode.com/xoai" xmlns:xsi="http://www.w3.org/2001/XMLSchema-instance" xsi:schemaLocation="http://www.loc.gov/MARC21/slim http://www.loc.gov/standards/marcxml/schema/MARC21slim.xsd">
   <leader>00925njm 22002777a 4500</leader>
   <datafield ind2=" " ind1=" " tag="042">
      <subfield code="a">dc</subfield>
   </datafield>
   <datafield ind2=" " ind1=" " tag="720">
      <subfield code="a">Bedoya, Luis M</subfield>
      <subfield code="e">author</subfield>
   </datafield>
   <datafield ind2=" " ind1=" " tag="720">
      <subfield code="a">Beltran, Manuela</subfield>
      <subfield code="e">author</subfield>
   </datafield>
   <datafield ind2=" " ind1=" " tag="720">
      <subfield code="a">Obregon-Calderon, Patricia</subfield>
      <subfield code="e">author</subfield>
   </datafield>
   <datafield ind2=" " ind1=" " tag="720">
      <subfield code="a">García-Pérez, Javier</subfield>
      <subfield code="e">author</subfield>
   </datafield>
   <datafield ind2=" " ind1=" " tag="720">
      <subfield code="a">de la Torre-Tarazona, Humberto Erick</subfield>
      <subfield code="e">author</subfield>
   </datafield>
   <datafield ind2=" " ind1=" " tag="720">
      <subfield code="a">Gonzalez-Fernandez, Nuria</subfield>
      <subfield code="e">author</subfield>
   </datafield>
   <datafield ind2=" " ind1=" " tag="720">
      <subfield code="a">Perez-Olmeda, Mayte</subfield>
      <subfield code="e">author</subfield>
   </datafield>
   <datafield ind2=" " ind1=" " tag="720">
      <subfield code="a">Auñón, David</subfield>
      <subfield code="e">author</subfield>
   </datafield>
   <datafield ind2=" " ind1=" " tag="720">
      <subfield code="a">Capa, Laura</subfield>
      <subfield code="e">author</subfield>
   </datafield>
   <datafield ind2=" " ind1=" " tag="720">
      <subfield code="a">Gómez-Acebo, Eduardo</subfield>
      <subfield code="e">author</subfield>
   </datafield>
   <datafield ind2=" " ind1=" " tag="720">
      <subfield code="a">Alcamí, José</subfield>
      <subfield code="e">author</subfield>
   </datafield>
   <datafield ind2=" " ind1=" " tag="260">
      <subfield code="c">2016</subfield>
   </datafield>
   <datafield ind2=" " ind1=" " tag="520">
      <subfield code="a">OBJECTIVE: To investigate the toxicity and activity against HIV of 5-hydroxytyrosol as a potential microbicide. DESIGN: The anti-HIV-1 activity of 5-hydroxytyrosol, a polyphenolic compound, was tested against wild-type HIV-1 and viral clones resistant to nucleoside reverse transcriptase inhibitors (NRTIs), non-nucleoside reverse transcriptase inhibitors (NNRTIs), protease inhibitors and integrase inhibitors. In addition to its activity against founder viruses, different viral subtypes and potential synergy with tenofovir disoproxil fumarate, lamivudine and emtricitabine was also tested. 5-Hydroxytyrosol toxicity was evaluated in vivo in rabbit vaginal mucosa. METHODS: We have cloned pol gene from drug-resistant HIV-1 isolated from infected patients and env gene from Fiebeg III/IV patients or A, C, D, E, F and G subtypes in the NL4.3-Ren backbone. 5-Hydroxytyrosol anti-HIV-1 activity was evaluated in infections of MT-2, U87-CCR5 or peripheral blood mononuclear cells preactivated with phytohemagglutinin + interleukin-2 with viruses obtained through 293T transfections. Inhibitory concentration 50% and cytotoxic concentration 50% were calculated. Synergy was analysed according to Chou and Talalay method. In-vivo toxicity was evaluated for 14 days in rabbit vaginal mucosa. RESULTS: 5-Hydroxytyrosol inhibited HIV-1 infections of recombinant or wild-type viruses in all the target cells tested. Moreover, 5-hydroxytyrosol showed similar inhibitory concentration 50% values for infections with NRTIs, NNRTIs, protease inhibitors and INIs resistant viruses; founder viruses and all the subtypes tested. Combination of 5-hydroxytyrosol with tenofovir was found to be synergistic, whereas it was additive with lamivudine and emtricitabine. In-vivo toxicity of 5-hydroxytyrosol was very low even at the highest tested doses. CONCLUSION: 5-Hydroxytyrosol displayed a broad anti-HIV-1 activity in different cells systems in the absent of in-vivo toxicity, therefore supporting its candidacy as a potential new class of microbicides.</subfield>
   </datafield>
   <datafield ind1="8" ind2=" " tag="024">
      <subfield code="a">AIDS. 2016 Nov 28;30(18):2767-2776.</subfield>
   </datafield>
   <datafield ind1="8" ind2=" " tag="024">
      <subfield code="a">0269-9370</subfield>
   </datafield>
   <datafield ind1="8" ind2=" " tag="024">
      <subfield code="a">http://hdl.handle.net/20.500.12105/10247</subfield>
   </datafield>
   <datafield ind1="8" ind2=" " tag="024">
      <subfield code="a">27677167</subfield>
   </datafield>
   <datafield ind1="8" ind2=" " tag="024">
      <subfield code="a">10.1097/QAD.0000000000001283</subfield>
   </datafield>
   <datafield ind1="8" ind2=" " tag="024">
      <subfield code="a">1473-5571</subfield>
   </datafield>
   <datafield ind1="8" ind2=" " tag="024">
      <subfield code="a">AIDS (London, England)</subfield>
   </datafield>
   <datafield ind2="0" ind1="0" tag="245">
      <subfield code="a">Hydroxytyrosol: a new class of microbicide displaying broad anti-HIV-1 activity</subfield>
   </datafield>
</record></metadata></record></GetRecord></OAI-PMH>